000 00603nam a2200205Ia 4500
003 IN-BaIIA
008 211028s9999 xx 000 0 eng d
020 _a0-080-248-705
040 _cIIA Library
080 _a047.1:52
_bVIA-22
100 _aBeer, A
_911914
245 0 _aVistas in Astronomy
_bvol. 22
_cA. Beer and P. Beer
260 _aOxford
_bPergamon Press
_c1980
300 _avi,573p
650 _aAstronomy
_980
650 _aAstronomy and Astrophysics Thesaurus
650 _aAstrophysics
_9794
700 _aBeer, P.
_911915
942 _cBK
999 _c6956
_d6956